8 mots dans mots : jus (mort subite) - Statistiques

Statistiques générales
  • Ce quiz a été pris 54 fois
  • Le résultat moyen est 7 sur 8
Answers on the Grid
Answers color-coded by a green-red scale on the quiz's grid according to % correct below.
Per---sionniste
S---cuse
Désa---ter
H---scus
Réa---ter
Ine---sablement
In---tifiable
Cu---miser
Ra---tement
Ré---cussion
Ma---cule
Ecuss---oir
In---te
---tice
Ver---
Contre - a---sation
 
Statistiques - réponses
Réponse % Correct
In---te
92%
---tice
92%
Désa---ter
90%
Réa---ter
90%
Ma---cule
88%
In---tifiable
83%
Ra---tement
81%
Ver---
38%
Aucun quiz correspondant
Distribution des résultats
% des personnes avec chaque résultat
Percentile par nombre de réponses
Votre historique - résultats
Vous n’avez pas pris ce quiz